| 000 | 03507nam a2200421 a 4500 | ||
|---|---|---|---|
| 005 | 20091219103358.0 | ||
| 008 | 080508s2008 ctua 000 0 eng | ||
| 020 |
_a9788176559591 _c100.00 |
||
| 020 |
_a8176559598 _c100.00 |
||
| 035 | _aB-389791-806 | ||
| 037 | _bScholastic | ||
| 040 |
_adpl _bEnglish |
||
| 082 | _aS | ||
| 100 |
_aRangachari, Devika _948424 |
||
| 245 |
_aThe merry mischief of Gopal Bhand / _cby Devika Rangachari |
||
| 260 |
_aGurgaon _bScholastic _c2009(repr.). |
||
| 270 |
_aGolf View Corporate Tower-A, 3rd Floor, DLF Phase-V, _bGurgaon _e122002 |
||
| 300 |
_a91p. _c20cm(pbk) |
||
| 520 | _aCollects anecdotes from teenagers about friendship, peer pressure, self-acceptance, family life, relationships, and overcoming obstacles. | ||
| 942 |
_2ddc _cCH _mRAN _hS |
||
| 999 |
_c33246 _d33246 |
||